00309nam a2200145Ia 45000030006000000080041000060400015000471000009000622450031000712500006001022600018001083000006001265460014001320050017001460STCL150530s9999 xx 000 0 und d aSTCLcSTCL aOSHO aNishkalankathayude Vivekam a2 bSilencec2005 a0 aMalayalam20220125171729.0